|
|
|
|
| LEADER |
00000nab a2200000 ar4500 |
| 001 |
vtls009008223 |
| 003 |
SK-MaSNL |
| 005 |
20260303065511.0 |
| 008 |
070721c1976 xo mr|||||||||000 b|slo |
| 015 |
|
|
|a SNKBUCL2007/07
|2 snkbucl
|
| 038 |
|
|
|a SNKBUCL
|
| 040 |
|
|
|a SNKBUCL
|b slo
|c SNKBUCL
|e AACR2
|
| 041 |
0 |
|
|a slo
|
| 044 |
|
|
|a xo
|c SK
|
| 080 |
|
|
|a 796.386
|2 2001
|
| 100 |
1 |
|
|a Meruňka, Ladislav
|4 aut
|9 45698
|
| 245 |
1 |
0 |
|a Technika podania popredných svetových tenistiek
|c Ladislav Meruňka
|
| 300 |
|
|
|b Obr.
|
| 650 |
0 |
7 |
|a stolný tenis
|2 snkbucl
|9 25562
|
| 773 |
0 |
|
|t Tréner
|g Roč. 20, č. 4 (1976), s. 169-173
|
| 852 |
|
|
|a SNK
|b KIS3GCP
|
| 999 |
|
|
|c 1751438
|d 1753368
|